Costituzione della Repubblica Italiana
Guardat en:
| Autor principal: | |
|---|---|
| Format: | Llibre |
| Idioma: | italià |
| Publicat: |
Roma
Bonacci
1974
|
| Matèries: | |
| Etiquetes: |
Afegir etiqueta
Sense etiquetes, Sigues el primer a etiquetar aquest registre!
|
MARC
| LEADER | 00000nam a2200000 a 4500 | ||
|---|---|---|---|
| 001 | UCT9701 | ||
| 003 | CL-VaPUC | ||
| 008 | 970411e19740000IT |||||||||||||||||ita|d | ||
| 082 | 0 | 4 | |a 342.45 |b CON |2 21 |
| 100 | 0 | |a Conserva, Giovanni |e author |9 382633 | |
| 245 | 1 | 0 | |a Costituzione della Repubblica Italiana |
| 300 | |a 254 p | ||
| 942 | |c BK | ||
| 945 | |d 19970411 00:00:00 |a paguirre | ||
| 260 | |a Roma |b Bonacci |c 1974 | ||
| 650 | 0 | |a Constituciones |9 255417 | |
| 650 | 0 | |a Derecho constitucional |9 222588 | |
| 650 | 0 | |a Ciudadanía |9 258339 | |
| 650 | 0 | |a Derechos civiles y políticos |9 338684 | |
| 650 | 0 | |a Poder ejecutivo |9 255177 | |
| 650 | 0 | |a Gobierno |9 255508 | |
| 650 | 0 | |a Poder judicial |9 254871 | |
| 651 | 0 | |a Italia |9 254949 | |
| 583 | |a last modification |c 19970411 00:00:00 |k Rodrigo Vera | ||
| 999 | |c 258080 |d 258078 | ||
| 952 | |0 0 |1 0 |4 0 |6 342_450000000000000_CON_1974 |7 0 |8 A |9 281876 |a BIBDER |b BIBDER |d 2019-11-19 |i 1828851 |o 342.45 CON 1974 |p 1828851 |r 2023-01-25 |w 2019-11-19 |y BK |k DER | ||